Microbiology in practice : a self-instructional laboratory course
Saved in:
| Main Author: | |
|---|---|
| Format: | Book |
| Language: | English |
| Published: |
Menlo Park, California :
Addison Wesley Longman,
c1996
|
| Edition: | 6th ed. |
| Subjects: | |
| Tags: |
Add Tag
No Tags, Be the first to tag this record!
|
MARC
| LEADER | 00000nam a2200000 i 4500 | ||
|---|---|---|---|
| 001 | 1/1835 | ||
| 008 | 000419s1996 eng d | ||
| 020 | |a 0-673-99559-3 | ||
| 035 | |l 10060173 | ||
| 040 | |a GR-MY-UA |b gre |e aacr | ||
| 041 | 0 | |a eng | |
| 082 | 0 | |a 616.01078 | |
| 100 | 1 | |a Beishir, Lois |d 1924- | |
| 245 | 1 | 0 | |a Microbiology in practice : |b a self-instructional laboratory course / |c Lois Beishir |
| 250 | |a 6th ed. | ||
| 260 | |a Menlo Park, California : |b Addison Wesley Longman, |c c1996 | ||
| 300 | |a xiii, 528 σ.; |b εικ. (μερ. έγχρ.); |c 28 εκ. | ||
| 504 | |a Περιέχει βιβλιογραφικές παραπομπές (σ. 509) και ευρετήριο | ||
| 650 | 0 | 0 | |a Microbiology |x Laboratory manuals |x Programmed instruction. |
| 852 | |a INST |b LESVOS |e 20000419 |h 616.01078 BEI |p 005100023104 |q 005100023104 |t BK |y 0 | ||
| 901 | |a BIBL1-2000-1 | ||
| 909 | |a Λ |b 074250 | ||
| 922 | |a 1ΕΛΗ |b 200002 |c ΤΑΚ/ΕΥΣΤΡΑΤΙΟΥ |d ΠΑΠΑΣΩΤΗΡΙΟΥ | ||
| 950 | |a 166-1999-10-11 | ||
| 970 | |a ΑΙΒΑΤΖΙΔΟΥ |b ΕΛΕΝΗ |z 2000/04/24 | ||